000 00930cam a2200289 i 4500
001 961297
003 EG-ScBUE
005 20250518092424.0
008 840716r19851950enka f b 001 0 eng d
020 _a0198561628 (pbk.)
040 _aEG-ScBUE
_beng
_erda
_cEG-ScBUE
_dEG-ScBUE
082 0 4 _a531.3825
_222
_bHIL
100 1 _aHill, Rodney,
_d1921-
_97489
_eauthor.
245 1 4 _aThe mathematical theory of plasticity /
_cby R. Hill.
250 _aReprint edition.
264 1 _aOxford :
_bClarendon Press,
_c1985.
300 _aix, 355 pages :
_billustrations ;
_c24 cm.
336 _2rdacontent
_atext
_btxt
337 _aunmediated
_2rdamedia
_bn
338 _avolume
_bnc
_2rdacarrier
490 0 _aThe Oxford engineering science series
500 _aIncludes Appendices.
504 _aIncludes bibliographical references and index.
650 7 _aPlasticity.
_97492
_2BUEsh
655 _vReading book
942 _2ddc
_cBB
999 _c12182
_d12182